000 00349nam a2200133Ia 4500
008 240624s9999 xx 000 0 und d
041 _aeng
082 _a659.2 GRI
100 _aGRIFFIN ANDREW
245 _aCRISIS ISSUES AND REPUTATION MANAGEMENT
260 _c2014
_aLondon
_bKogan Page
300 _axvi, : 262 : p. : cm. ; 23
365 _cGBP
_b30
999 _c27549
_d27549